00308nam a2200097Ia 45000010005000000080041000050820022000461000023000682450092000912600027001832739241024s9999 xx 000 0 und d aRD/372.019/AN577c aCatalina Andújar 0aConstruyamos un proyecto educativo de centro. Hacia centros educativos de mayor calidad bEd. alfa & Omegac1998